000 00496nam a22001937a 4500
003 CEME
005 20210628210236.0
008 210215b xxu||||| |||| 00| 0 eng d
020 _a0-395-69918-5
040 _c.
082 _a808.888 CON
100 _aConlin, Mary.Lou
_978700
245 _aPattern plus a short prose reader with argumentation
250 _a5TH
260 _aGENEVA
_bHOUGHTON MIFFLIN
_c1995
300 _a417P
650 _aENGLISH LITERACTURE
_978701
942 _cBK
_2ddc
999 _c583796
_d583796